| 000 | 00604nam a2200205Ia 4500 | ||
|---|---|---|---|
| 003 | OSt | ||
| 005 | 20221201145110.0 | ||
| 008 | 210423s2005 xx 000 0 und d | ||
| 020 | _a761933212 | ||
| 040 | _cAL | ||
| 041 | _aeng | ||
| 082 | _a791.430954 KAUR | ||
| 100 |
_aKAUR (Raminder);SINHA (Ajay J),Ed. _943260 |
||
| 245 | _aBollyworld: popular Indian cinema through a transnational lens. | ||
| 260 |
_aNew Delhi _bSage Publications _c2005 |
||
| 300 |
_a343 _bPB |
||
| 365 |
_b320 _cINR |
||
| 906 | _aBollyworld: ; cinema ; Indian ; lens. ; popular ; through ; transnational | ||
| 942 |
_2ddc _cBK |
||
| 999 |
_c155565 _d155565 |
||